Normal view MARC view
  • Nuevo León

Entry Nombre Geográfico

Number of records used in: 8

001 - NÚMERO DE CONTROL

  • campo de control: 14952

003 - IDENTIFICADOR DE NUMERO DE CONTROL

  • campo de control: MX-MxUPN

005 - FECHA Y HORA DE LA ÜLTIMA TRANSACCIÓN

  • campo de control: 20251203091619.0

008 - DATOS DE LONGITUD FIJA

  • campo de control de longitud fija: 251203n| fcnnnbabn | ana |d

035 ## - NÚMERO DE CONTROL

  • Número de control: UPN10000014960

040 ## - FUENTE DE CATALOGACIÓN

  • Agencia de catalogación original: MX-MxUPN
  • Lenguaje de catalogación: spa
  • Agencia de transcripción: MX-MxUPN

151 ## - ENCABEZAMIENTO - NOMBRE GEOGRÁFICO

  • Nombre geográfico: Nuevo León
  • Subdivisión general : Historia

670 ## - FUENTE EN LA QUE SE LOCALIZARON DATOS

  • Cita de la fuente: E
  • Información localizada: México - Historia

902 ## - CATALOGADOR

  • Catalogador: JMG/130301